Applied multilevel analysis : (Record no. 75551)
[ view plain ]
| 000 -LEADER | |
|---|---|
| fixed length control field | 01717cam a22004817a 4500 |
| 001 - CONTROL NUMBER | |
| control field | 75551 |
| 003 - CONTROL NUMBER IDENTIFIER | |
| rucl marc code | BD-RjUL |
| 005 - DATE AND TIME OF LATEST TRANSACTION | |
| control field | 20211209082717.0 |
| 008 - FIXED-LENGTH DATA ELEMENTS--GENERAL INFORMATION | |
| fixed length control field | 190424r20132006enka b 001 0 eng d |
| 020 ## - INTERNATIONAL STANDARD BOOK NUMBER | |
| International Standard Book Number | 0521849756 (hbk.) |
| International Standard Book Number | 0521614988 (pbk.) |
| International Standard Book Number | 9780521849753 |
| International Standard Book Number | 9780521614986 |
| 035 ## - SYSTEM CONTROL NUMBER | |
| System control number | (OCoLC)ocm62344056 |
| 040 ## - CATALOGING SOURCE | |
| Original cataloging agency | NLM |
| Transcribing agency | NLM |
| Modifying agency | UKM |
| -- | BAKER |
| -- | BWKUK |
| -- | DLC |
| -- | BD-RjUL |
| Language of cataloging | eng |
| 041 ## - LANGUAGE CODE | |
| Language code of text/sound track or separate title | eng |
| 042 ## - AUTHENTICATION CODE | |
| Authentication code | nlmcopyc |
| -- | lccopycat |
| 060 00 - NATIONAL LIBRARY OF MEDICINE CALL NUMBER | |
| Classification number | 2006 E-609 |
| Classification number | WA 950 |
| Item number | T974a 2006 |
| 082 04 - DEWEY DECIMAL CLASSIFICATION NUMBER | |
| Classification number | 610.727 |
| Edition number | 22 |
| Author mark and year | TWA 2013 |
| 100 1# - MAIN ENTRY--PERSONAL NAME | |
| Personal name | Twisk, Jos W. R., |
| Dates associated with a name | 1962- |
| 9 (RLIN) | 231103 |
| 245 10 - TITLE STATEMENT | |
| Title | Applied multilevel analysis : |
| Remainder of title | a practical guide / |
| Statement of responsibility, etc. | Jos W.R. Twisk. |
| 260 ## - PUBLICATION, DISTRIBUTION, ETC. (IMPRINT) | |
| Place of publication, distribution, etc. | Cambridge, UK ; |
| -- | New York : |
| Name of publisher, distributor, etc. | Cambridge University Press, |
| Date of publication, distribution, etc. | 2006 [6th printing 2013] |
| 300 ## - PHYSICAL DESCRIPTION | |
| Pagination | xii, 184 p. : |
| Illustrations | ill. ; |
| Size | 26 cm. |
| 504 ## - BIBLIOGRAPHY, ETC. NOTE | |
| Bibliography, etc | Includes bibliographical references (p. 169-177) and index. |
| 650 #0 - SUBJECT ADDED ENTRY--TOPICAL TERM | |
| Topical term or geographic name as entry element | Medical statistics. |
| 9 (RLIN) | 231105 |
| Topical term or geographic name as entry element | Analysis of variance. |
| 9 (RLIN) | 231106 |
| Topical term or geographic name as entry element | Medicine |
| General subdivision | Research. |
| 9 (RLIN) | 231107 |
| Topical term or geographic name as entry element | Statistics |
| General subdivision | methods. |
| 9 (RLIN) | 231108 |
| Topical term or geographic name as entry element | Biomedical Research |
| General subdivision | methods. |
| 9 (RLIN) | 231109 |
| Topical term or geographic name as entry element | Models, Statistical. |
| 9 (RLIN) | 231110 |
| Topical term or geographic name as entry element | Multivariate Analysis. |
| 9 (RLIN) | 231111 |
| 856 42 - ELECTRONIC LOCATION AND ACCESS | |
| Materials specified | Publisher description |
| Uniform Resource Identifier | <a href="http://www.loc.gov/catdir/enhancements/fy0702/2006299215-d.html">http://www.loc.gov/catdir/enhancements/fy0702/2006299215-d.html</a> |
| Materials specified | Table of contents only |
| Uniform Resource Identifier | <a href="http://www.loc.gov/catdir/enhancements/fy0702/2006299215-t.html">http://www.loc.gov/catdir/enhancements/fy0702/2006299215-t.html</a> |
| 942 ## - ADDED ENTRY ELEMENTS (KOHA) | |
| Source of classification or shelving scheme | Dewey Decimal Classification |
| Koha item type | Books |
| Lost status | Source of classification or shelving scheme | Damaged status | Not for loan | Permanent Location | Current Location | Shelving location | Date acquired | Source of acquisition | Cost, normal purchase price | Total Checkouts | Full call number | Date last seen | Copy number | Koha item type |
|---|---|---|---|---|---|---|---|---|---|---|---|---|---|---|
| Dewey Decimal Classification | Not For Loan | Central Library, University of Rajshahi | Central Library, University of Rajshahi | Reading Room | 10/04/2019 | Orbital International, Dhaka | 3520.09 | 610.727 TWA 2013 | 24/04/2019 | C-1 | Books | |||
| Dewey Decimal Classification | Central Library, University of Rajshahi | Central Library, University of Rajshahi | 10/04/2019 | Orbital International, Dhaka | 3520.09 | 610.727 TWA 2013 | 24/04/2019 | C-2 | Books | |||||
| Dewey Decimal Classification | Central Library, University of Rajshahi | Central Library, University of Rajshahi | 10/04/2019 | Orbital International, Dhaka | 3520.09 | 610.727 TWA 2013 | 24/04/2019 | C-3 | Books | |||||
| Dewey Decimal Classification | Central Library, University of Rajshahi | Central Library, University of Rajshahi | 10/04/2019 | Orbital International, Dhaka | 3520.09 | 610.727 TWA 2013 | 24/04/2019 | C-4 | Books | |||||
| Dewey Decimal Classification | Central Library, University of Rajshahi | Central Library, University of Rajshahi | 10/04/2019 | Orbital International, Dhaka | 3520.09 | 610.727 TWA 2013 | 24/04/2019 | C-5 | Books |